Análisis biológico de la eficiencia para el tratamiento de aguas grises de humedales artificiales de flujo subsuperficial horizontal ubicados en el distrito de Pital
保存先:
| 第一著者: | |
|---|---|
| その他の著者: | |
| フォーマット: | 図書 |
| 言語: | Spanish |
| 出版事項: |
[San José], Costa Rica
2023
|
| 主題: | |
| タグ: |
タグ追加
タグなし, このレコードへの初めてのタグを付けませんか!
|
MARC
| LEADER | 00000nam a2200000Ia 4500 | ||
|---|---|---|---|
| 003 | 013695 | ||
| 005 | 20230719100029.0 | ||
| 008 | 140116s2023 cr a 000 ||spa d | ||
| 040 | |c cru CEDI | ||
| 100 | |a Alvarado Murillo, María Raquel, 1996- |9 974 | ||
| 245 | |a Análisis biológico de la eficiencia para el tratamiento de aguas grises de humedales artificiales de flujo subsuperficial horizontal ubicados en el distrito de Pital | ||
| 260 | |a [San José], Costa Rica |c 2023 | ||
| 500 | |a Proyecto de graduación (licenciatura en ingeniería civil)--Universidad de Costa Rica. Facultad de Ingeniería. Escuela de Ingeniería Civil | ||
| 501 | |a Directora de Proyecto de Graduación: Ing. Nidia Cruz Zúñiga | ||
| 650 | |x HUMEDALES ARTIFICIALES - DISEÑO Y CONSTRUCCION |x AGUAS GRISES |x PURIFICACION DE AGUAS RESIDUALES - EVALUACION |x ANALISIS DEL AGUA |x HUMEDALES ARTIFICIALES - PITAL (SAN CARLOS, ALAJUELA, COSTA RICA) - EVALUACION |x TRATAMIENTO DEL AGUA | ||
| 700 | |9 223 |a Cruz Zúñiga, Nidia, 1978- |d Directora del TFG | ||
| 942 | |c CEDI |h TFG 8846 |6 TFG_8846_000000000000000 | ||
| 999 | |c 13201 |d 13201 | ||
